LEADER 01227cam--2200397---450 001 990005794280203316 005 20180102141523.0 035 $a000579428 035 $aUSA01000579428 035 $a(ALEPH)000579428USA01 035 $a000579428 100 $a20130111d1962----km-y0itay50------ba 101 0 $aita$agrc 102 $aIT 105 $ay|||z|||001yy 200 1 $a<>apologia di Socrate$fPlatone$gintroduzione, testo critico e commento a cura di Giuseppe Cammelli 210 $aNapoli$cLoffredo$d1962 215 $a121 p.$d23 cm 300 $aCon il testo originale 500 11$aApologia S?kratous$913076 676 $a183.2 700 0$aPLATO$0292329 702 1$aCAMMELLI,$bGiuseppe 801 0$aIT$bsalbc$gISBD 912 $a990005794280203316 951 $aXV.8. 810$b224313 L.M.$cXV.8. 959 $aBK 969 $aFSO 979 $aANNAMARIA$b90$c20130111$lUSA01$h0841 979 $aANNAMARIA$b90$c20130111$lUSA01$h0842 979 $aANNAMARIA$b90$c20130111$lUSA01$h0859 979 $aANNAMARIA$b90$c20130111$lUSA01$h0957 979 $aANNAMARIA$b90$c20170131$lUSA01$h0943 979 $aANNAMARIA$b90$c20170131$lUSA01$h1022 996 $aApologia S?kratous$913076 997 $aUNISA